000 00623nam a22001937a 4500
999 _c19621
_d19621
005 20180312113423.0
008 170612b ck ||||| |||| 00| 0 spa d
040 _aCO-BoIAVH
_cCO-BoIAVH
041 _aspa
044 _ack
090 _aFG-
_b0225
110 2 _aColombia.
_bCorporación Autónoma Regional de Risaralda Carder
245 _aEspecies vegetales de los guaduales del Eje Cafetero
260 _aPereira:
_bCarder;
_bGTZ
_c.
300 _afolleto plegable
_bilustraciones a color
_c16 x 21 cm
700 0 _aOspina, Román
_eautor
700 0 _aVega, Ricardo
_eautor
942 _2z
_cFolleto